<?xml version="1.0" encoding="UTF-8"?>
<marc:record xmlns:marc="http://www.loc.gov/MARC21/slim">
   <marc:leader>00000nam a2200000 a 4500</marc:leader>
   <marc:datafield ind1="1" ind2=" " tag="100">
      <marc:subfield code="a">Weber, Markus Maria</marc:subfield>
      <marc:subfield code="4">aut</marc:subfield>
      <marc:subfield code="e">Verfasser/-in</marc:subfield>
   </marc:datafield>
   <marc:datafield ind1=" " ind2=" " tag="653">
      <marc:subfield code="a">Reisebericht</marc:subfield>
   </marc:datafield>
   <marc:datafield ind1=" " ind2=" " tag="653">
      <marc:subfield code="a">Fahrrad</marc:subfield>
   </marc:datafield>
   <marc:datafield ind1="0" ind2="0" tag="245">
      <marc:subfield code="a">Ein Coffee to go in Togo</marc:subfield>
   </marc:datafield>
   <marc:datafield ind1="0" ind2="0" tag="245">
      <marc:subfield code="b">ein Fahrrad, 26 Länder und jede Menge Kaffee</marc:subfield>
   </marc:datafield>
   <marc:datafield ind1="0" ind2="0" tag="245">
      <marc:subfield code="c">Markus Maria Weber</marc:subfield>
   </marc:datafield>
   <marc:datafield ind1=" " ind2="1" tag="264">
      <marc:subfield code="a">Meerbusch</marc:subfield>
      <marc:subfield code="b">Conbook</marc:subfield>
      <marc:subfield code="c">2016</marc:subfield>
   </marc:datafield>
   <marc:datafield ind1="1" ind2=" " tag="520">
      <marc:subfield code="a">Eines Tages wirft der Unternehmensberater Markus Weber seine heile Welt über den Haufen und stürzt sich Hals über Kopf in ein Abenteuer. Er setzt sich auf sein Fahrrad und fährt los &#x96; durch 26 Länder, bis nach Togo. Seine Reise führt ihn durch verlassene osteuropäische Dörfer und über zermürbende Sandpisten in Westafrika. Er fährt per Anhalter durch die Sahara, radelt durch den unerschlossenen guineischen Regenwald und schmuggelt sich in Liberia über geschlossene Grenzübergänge. Alles, um zwei Fragen zu beantworten: Wer bin ich? Und: Gibt es eigentlich Coffee to go in Togo?</marc:subfield>
   </marc:datafield>
   <marc:datafield ind1=" " ind2=" " tag="020">
      <marc:subfield code="a">9783958891388</marc:subfield>
      <marc:subfield code="9">9783958891388</marc:subfield>
   </marc:datafield>
   <marc:datafield ind1=" " ind2=" " tag="020">
      <marc:subfield code="a">3958891381</marc:subfield>
      <marc:subfield code="9">3958891381</marc:subfield>
   </marc:datafield>
   <marc:datafield ind1=" " ind2=" " tag="300">
      <marc:subfield code="a">444 S. : Ill.</marc:subfield>
   </marc:datafield>
</marc:record>
